| 000 | 00460cam a2200181ua 4500 | ||
|---|---|---|---|
| 020 | _cRs 17.70 | ||
| 041 |
_aeng _h |
||
| 082 |
_a330.1 _bLEK/HI |
||
| 100 | _aLekachman, Robert . | ||
| 245 |
_aHistory of economic ideas / _cRobert Lekachman. _hTextual Documents |
||
| 250 |
_a1 / _b. |
||
| 260 |
_aNew York : _bHarper and Row Publishers , _c1964. |
||
| 300 | _a427 ; . | ||
| 365 | _aRs 17.70 | ||
| 504 | _a | ||
| 942 | _cBK | ||
| 999 |
_c4124 _d4124 |
||